书目信息 |
| 题名: |
现代旅游文化学
|
|
| 作者: | 马波 著 | |
| 分册: | ||
| 出版信息: | 青岛 青岛出版社 2002.01 |
|
| 页数: | 264页 | |
| 开本: | 21cm | |
| 丛书名: | 高校旅游教材 | |
| 单 册: | ||
| 中图分类: | F590-43 | |
| 科图分类: | ||
| 主题词: | 旅游--文化学--高等学校--教材 | |
| 电子资源: | ||
| ISBN: | 7-5436-1626-2 | |
| 000 | 00858nam 2200265 450 | |
| 001 | 0309201529 | |
| 005 | 20050925162057.10 | |
| 010 | @a7-5436-1626-2@dCNY12.50 | |
| 100 | @a20030920d2002 km y0chiy0120 ea | |
| 101 | 0 | @achi |
| 102 | @aCN@b370000 | |
| 105 | @aa a 000yy | |
| 200 | 1 | @a现代旅游文化学@AXian Dai Lu You Wen Hua Xue@d= Modern tourism culture@f马波著@Fma bo zhu@zeng |
| 210 | @a青岛@c青岛出版社@d2002.01 | |
| 215 | @a264页@c图@d21cm | |
| 225 | 2 | @a高校旅游教材 |
| 320 | @a有书目 (第263-264页)。 | |
| 330 | @a本书分7章来介绍文化概论,旅游文化与旅游文化学,旅游消费文化学以及旅游审美文化等内容。 | |
| 410 | 1 | @12001 @a高校旅游教材 |
| 510 | 1 | @aModern tourism culture@zeng |
| 606 | 1 | @a旅游@x文化学@x高等学校@x教材 |
| 690 | @aF590-43@v4 | |
| 701 | 0 | @a马波@Ama bo@4著 |
| 801 | 0 | @aCN@bbQSSK@c20050925 |
| 905 | @a10447@dF590-43@eM017 | |
| 现代旅游文化学= Modern tourism culture/马波著.-青岛:青岛出版社,2002.01 |
| 264页:图;21cm.-(高校旅游教材) |
| 丛编说明: |
| ISBN 7-5436-1626-2:CNY12.50 |
| 本书分7章来介绍文化概论,旅游文化与旅游文化学,旅游消费文化学以及旅游审美文化等内容。 |
| ● |
| 相关链接 |
|
|
|
正题名:现代旅游文化学
索取号:F590-43/M017
 
预约/预借
| 序号 | 登录号 | 条形码 | 馆藏地/架位号 | 状态 | 备注 |
| 1 | 571300 | 205713003 | 社科库409/409社科库 38排6列5层/ [索取号:F590-43/M017] | 在馆 | |
| 2 | 571301 | 205713012 | 社科库409/409社科库 38排6列5层/ [索取号:F590-43/M017] | 在馆 | |
| 3 | 571302 | 205713021 | 社科二线422/422社科库 37排3列4层/ [索取号:F590-43/M017] | 在馆 |